| 000 | 00467nam a2200145 a 4500 | ||
|---|---|---|---|
| 001 | 000037832 | ||
| 005 | 20201002031125.0 | ||
| 008 | 130306s1993 dr 000 0 spa d | ||
| 040 |
_aDO-SdBNP _bspa _cBNPHU |
||
| 100 | 1 |
_aGarcía Romero, Rafael _d1957- _91671 |
|
| 245 | 1 | 4 |
_aLos ídolos de Amorgos / _cRafael García Romero. |
| 260 |
_aSanto Domingo, : _bAlfa y Omega, _c1993. |
||
| 300 |
_a170 p. ; _c23 cm. |
||
| 500 | _aIncluye datos biográficos del autor en la solapa | ||
| 999 |
_c37322 _d37322 |
||